Miasta województwa łódzkiego II RP z mapą - Statystyki

Ogólne statystyki
  • Ten quiz został rozwiązany 13 razy
  • Średni wynik to 26 z 46
Odpowiedzi na mapie
Odpowiedzi zakodowano w zielono-czerwonej skali na mapie do tego quizu, zgodnie z poniższymi procentami.
 
Statystyki odpowiedzi
Miasto % Poprawnych
Łódź
100%
Pabianice
100%
Zgierz
100%
Aleksandrów
92%
Bełchatów
92%
Kalisz
92%
Piotrków
92%
Konin
83%
Radomsko
83%
Sieradz
83%
Tuszyn
83%
Zduńska Wola
83%
Brzeziny
75%
Konstantynów
75%
Łęczyca
75%
Stryków
75%
Wieluń
75%
Łask
67%
Ozorków
67%
Tomaszów Mazowiecki
67%
Turek
67%
Uniejów
67%
Warta
67%
Wieruszów
67%
Głowno
58%
Koło
58%
Sulejów
58%
Złoczew
58%
Słupca
50%
Błaszki
42%
Kłodawa
42%
Szadek
42%
Koniecpol
33%
Praszka
33%
Dobra
25%
Golina
25%
Kleczew
25%
Ruda Pabianicka
25%
Rychwał
25%
Ślesin
25%
Tuliszków
25%
Dąbie
17%
Zagórów
17%
Pyzdry
8%
Stawiszyn
8%
Władysławów
8%
Nie znaleziono quizów pasujących do podanych kryteriów
Rozkład punktacji
Procent ludzi z każdym wynikiem
Percentyl według liczby udzielonych odpowiedzi
Twoja historia wyników
Nie rozwiązałeś tego quizu